| 000 | 02013nam0a2200337 4500 | ||
|---|---|---|---|
| 001 | RU\NLR\bibl\929504 | ||
| 005 | 20260407121400.0 | ||
| 010 |
_a5-8285-245-X _9100 |
||
| 021 |
_aRU _b2006-12002 _9586 |
||
| 035 | _a(NLR Aleph) 000917743 | ||
| 090 |
_a80138 _c80138 |
||
| 100 | _a20060410d2005 |||y0rusy50 ca | ||
| 101 | 0 | _arus | |
| 102 | _aRU | ||
| 105 | _aa ||||||||| | ||
| 200 | 1 |
_aМоделирование и анализ электрических цепей в EWB-5.0 _eучебное пособие _fМ-во образования и науки Рос. Федерации, Федер. агентство по образованию Костром. гос. техн. ун-т _g[Попов Вячеслав Николаевич] |
|
| 210 |
_aКострома _cКостромской государственный технологисечкий университет _d2005 |
||
| 215 |
_a63 с. _cил. _d20 |
||
| 300 | _aНа обл. авт.: В.Н. Попов, Г.М. Попова, Ю.П. Приваленкова | ||
| 320 | _aБиблиогр.: с. 62 (12 назв.) | ||
| 606 | 1 |
_aЭлектрические цепи _jУчебные издания для высших учебных заведений _xАнализ на компьютерах _92191361 _3RU\NLR\auth\661317281 |
|
| 606 | 1 |
_aЭлектрические цепи _jУчебные издания для высших учебных заведений _xКомпьютерное моделирование _92399720 _3RU\NLR\auth\661430528 |
|
| 686 | _aЗ211.005с116я73-1 | ||
| 686 | _aЗ211с116я73-1 | ||
| 702 | 1 |
_4220 _8rus _7ca _aПопов _bВ.Н. _cканд. техн. наук _gВячеслав Николаевич _3RU\NLR\auth\7737921 _920908 |
|
| 712 | 0 | 2 |
_4570 _aКостромской государственный технологический университет _3RU\NLR\AUTH\889955289 _9406651 |
| 801 | 0 |
_aRU _bNLR _c20060410 _grcr |
|
| 801 | 1 |
_aRU _bNLR _c20060410 |
|
| 942 | _cBOOK | ||
| 980 | _aNB | ||